00446 a2200157 450000500170000001000130001702000260003003500130005603700090006908200060007810000240008424500440010826000490015227000650020130000220026620240520152738.0 aB-759124 a9780143334071c199.00 aB-759124 bGift aN aSrinivasan, Shalini aGangamma's Gharial/cShalini Srinivasan aGurgaonbPenguin Books India Pvt. Ltd.c2023 a7th Floor,Infinity Tower C, DLF Cyber City bGurgaone122002 a202 p.c20 cm(Pb)